[Event "Speed Chess Invitational"]
[Site "Chess.com INT"]
[Date "2020.10.25"]
[Round "4.13"]
[White "Duda, Jan Krzysztof"]
[Black "Karjakin, Sergey"]
[Result "1-0"]
[WhiteElo "2757"]
[BlackElo "2752"]
[PlyCount "63"]
[EventDate "2020.10.25"]
[EventType "k.o. (blitz)"]
[EventRounds "4"]
[EventCountry "USA"]
[SourceTitle "EXT 2022"]
[Source "ChessBase"]
[SourceDate "2021.10.06"]
[SourceVersion "1"]
[SourceVersionDate "2021.10.06"]
[SourceQuality "1"]

1. Nf3 {Duda,Jan Krzysztof} d5 2. c4 d4 3. b4 Bg4 4. Qb3 c6 5. g3 Nf6 6. Bg2 Bxf3 7. Qxf3 e5 8. b5 ({RR} 8. Qb3 Nbd7 9. d3 a5 10. Bd2 axb4 11. O-O Be7 12. e3 Qb6 13. exd4 Qxd4 14. Bxb4 Bxb4 15. Qxb4 Nc5 16. Nd2 O-O 17. Nf3 Qd6 18. Rfd1 Ra4 19. Qc3 Nfd7 20. d4 exd4 21. Rxd4 Qf6 22. Rad1 Rxa2 {Crump. Alexander J (1999)-Sevian,S (2696) chess.com INT 2024 0-1 (46)}) 8... Bc5 $146 ({RR} 8... Be7 9. d3 ({RR} 9. O-O e4 10. Qf4) 9... O-O ({RR} 9... Qa5+ 10. Nd2 Bb4 11. a4 O-O 12. Ra2) 10. O-O a6 11. Nd2 ({RR} 11. bxc6) 11... Qc7 ({RR} 11... axb5 12. cxb5 Qc7 13. bxc6 Nxc6 14. Nc4 Rfd8) 12. bxc6 Nxc6 13. h4 ({RR} 13. Rb1) ({RR} 13. g4) 13... Rab8 14. Rb1 Nd8 15. Ne4 Nd7 16. Bg5 f6 ({RR} 16... Re8) 17. Bd2 f5 18. Ng5 Kh8 ({RR} 18... h6 19. Qh5) 19. g4 ({RR} 19. Nxh7 Kxh7 20. Qh5+ Kg8 21. Bd5+ Nf7) ({RR} 19. e3) 19... f4 20. Ne4 Ne6 21. g5 Ndc5 22. Nxc5 ({RR} 22. Qg4 Nxe4 23. Bxe4 Nc5 24. Bxh7) 22... Nxc5 23. Bb4 {Duda,J (2731)-Laznicka,V (2670) Prague 2019 CBM 189 [Duda,Jan Krzysztof] 1-0 (41)} {RR} e4 24. dxe4 b6 ({RR} 24... d3 25. exd3 Rbd8 26. Rfd1 Ne6 27. Bc3 Bc5 28. e5)) 9. O-O O-O 10. d3 h6 11. Nd2 Qe7 12. a4 a5 13. h4 Bb4 14. g4 Nfd7 15. Qh3 Nc5 16. Ra2 Nbd7 17. bxc6 bxc6 18. Bxc6 Ra6 19. Bg2 Nb6 20. g5 Nbxa4 21. Nb1 h5 22. Bf3 g6 23. Kg2 Rb6 24. Bd5 Nc3 25. Nxc3 Bxc3 26. Ba3 Bb4 27. Bc1 Kg7 28. f4 exf4 29. Bxf4 f5 30. Qf3 Bc3 31. Rc1 Kh7 32. Rcc2 1-0

[Event "Titled Tuesday intern op 27th Oct"]
[Site "Chess.com INT"]
[Date "2020.10.27"]
[Round "8"]
[White "Tabatabaei, Mohammad Amin"]
[Black "Salinas Herrera, Pablo Patricio"]
[Result "1-0"]
[WhiteElo "2629"]
[BlackElo "2514"]
[PlyCount "73"]
[EventDate "2020.10.27"]
[EventType "swiss (blitz)"]
[EventRounds "11"]
[EventCountry "USA"]
[SourceTitle "CBM 199 Extra"]
[Source "ChessBase"]
[SourceDate "2021.01.31"]
[SourceVersion "1"]
[SourceVersionDate "2021.01.31"]
[SourceQuality "1"]

1. b3 d5 2. Bb2 Bf5 3. Nf3 e6 4. g3 h6 5. Bg2 Nf6 6. O-O Be7 7. d3 O-O 8. Nbd2 Bh7 9. Ne5 a5 10. a3 Nbd7 11. e4 Nxe5 12. Bxe5 c6 13. Qe2 Nd7 14. Bb2 Bf6 15. e5 Be7 16. f4 a4 $146 ({RR} 16... Qb6+ 17. Kh1 a4 18. Rfb1 axb3 19. Nxb3 Ra4 20. Ra2 Rfa8 21. Rba1 R8a6 22. Bh3 Nf8 23. Rf1 Bxa3 24. Ba1 Bb4 25. Rxa4 Rxa4 26. g4 Be7 27. f5 Bg5 28. d4 Nd7 29. Qf2 Kh8 30. Bg2 Ra2 31. h4 {Ledic,T (2310)-Kovacevic,V (2495) Vinkovci 1982 0-1 (50)}) 17. b4 c5 18. c3 Qb6 19. Kh1 cxb4 20. cxb4 Qb5 21. Rf3 Rac8 22. Nf1 Rc6 23. Rd1 Rfc8 24. Rd2 Nb8 25. g4 Na6 26. Bd4 Rc1 27. f5 Bg5 28. Be3 Bxe3 29. Qxe3 Nxb4 30. axb4 Qxb4 31. f6 a3 32. fxg7 Kxg7 33. Rdf2 Bg6 34. Rh3 Rh8 35. Qf3 Qe7 36. d4 Ra8 37. Qf4 1-0

[Event "Chess.com Speed"]
[Site "Chess.com INT"]
[Date "2020.11.16"]
[Round "1.24"]
[White "Artemiev, Vladislav"]
[Black "Giri, Anish"]
[Result "1-0"]
[WhiteElo "2708"]
[BlackElo "2764"]
[PlyCount "129"]
[EventDate "2020.11.01"]
[EventType "k.o. (blitz)"]
[EventRounds "4"]
[EventCountry "USA"]
[SourceTitle "CBM 199 Extra"]
[Source "ChessBase"]
[SourceDate "2021.01.31"]
[SourceVersion "1"]
[SourceVersionDate "2021.01.31"]
[SourceQuality "1"]

1. Nf3 d5 2. b3 Bf5 3. Bb2 e6 4. g3 h6 5. Bg2 Nf6 6. O-O Nbd7 7. d3 Be7 8. Nbd2 O-O 9. Qe1 Bh7 10. e4 a5 11. a3 c6 12. Qe2 ({RR} 12. Nh4 Qb6 13. Kh1 Bc5 14. Qe2 Bd4 15. c3 Bc5 16. f4 Be7 17. c4 dxe4 18. dxe4 Nc5 19. Bd4 Rad8 20. Bg1 Qc7 21. Rad1 Na6 22. Nb1 Rxd1 23. Rxd1 Rd8 24. Rxd8+ Qxd8 25. f5 Nc5 26. Nd2 Qd3 {Zhou,J (2668)-Potkin,V (2626) Ningbo 2010 ½-½ (68)}) 12... Qb6 13. Rab1 ({RR} 13. e5 Ne8 14. Kh1 a4 15. b4 c5 16. c3 Nc7 17. Ra2 Qa6 18. c4 cxb4 19. axb4 Bxb4 20. Rfa1 Qb6 21. Rxa4 Rxa4 22. Rxa4 Nc5 23. Bd4 Bxd2 24. Nxd2 Qc6 25. Bxc5 Qxc5 26. Nb3 Qb6 27. Qa2 Bxd3 {Fudalej,M (2188)-Kutowski,M (2258) chess.com INT 2025 0-1 (43)}) 13... dxe4 $146 ({RR} 13... Qa6 14. e5 Ne8 15. Rfd1 Nc7 16. Bf1 a4 17. b4 Qa7 18. Bd4 b6 19. c4 c5 20. bxc5 Bxc5 21. Bb2 dxc4 22. Nxc4 Nd5 23. Rbc1 b5 24. Nd6 b4 25. Nb5 Qa5 26. d4 bxa3 27. dxc5 axb2 28. Qxb2 {Stankovic,D (2240)-Kojovic,D (2297) Bajina Basta 2021 0-1 (47)}) 14. dxe4 Qa6 15. Qe3 Rfd8 16. h3 a4 17. b4 c5 18. b5 Qa7 19. c4 Qa5 20. Rbd1 Qc7 21. e5 Ne8 22. Ne4 Nb6 23. Rc1 Rd7 24. Qe2 Rad8 25. Bc3 Rd3 26. Ne1 Rxc3 27. Nxc3 Rd4 28. Nd1 g5 29. Ne3 Ng7 30. Ng4 Nf5 31. Nf3 Rd8 32. Rfd1 Nd7 33. h4 gxh4 34. Nxh4 Bxh4 35. gxh4 Kh8 36. b6 Qc8 37. Qd2 Nd4 38. Qe3 Rg8 39. Nxh6 Rg7 40. Kh2 Qd8 41. Qf4 Nxe5 42. Bh1 Nd3 43. Rxd3 Bxd3 44. Rg1 Qe7 45. Rxg7 Kxg7 46. Ng4 Bg6 47. Qh6+ Kg8 48. Be4 Nf5 49. Bxf5 exf5 50. Ne3 Qe5+ 51. Kg1 f4 52. Nd5 Qe1+ 53. Kg2 Be4+ 54. Kh3 Qh1+ 55. Kg4 Qg2+ 56. Kxf4 Qf3+ 57. Ke5 Bxd5 58. Qg5+ Kf8 59. cxd5 Qc3+ 60. Kd6 c4 61. Qd8+ Kg7 62. Qg5+ Kf8 63. Kc7 Qxa3 64. d6 c3 65. d7 1-0

[Event "Titled Tuesday intern op 03rd Nov"]
[Site "Chess.com INT"]
[Date "2020.11.03"]
[Round "6"]
[White "Sarana, Alexey"]
[Black "Cornette, Matthieu"]
[Result "1-0"]
[WhiteElo "2657"]
[BlackElo "2558"]
[PlyCount "69"]
[EventDate "2020.11.03"]
[EventType "swiss (blitz)"]
[EventRounds "11"]
[EventCountry "USA"]
[SourceTitle "CBM 199 Extra"]
[Source "ChessBase"]
[SourceDate "2021.01.31"]
[SourceVersion "1"]
[SourceVersionDate "2021.01.31"]
[SourceQuality "1"]

1. c4 b6 2. Nf3 Bb7 3. g3 g6 4. Bg2 Bg7 5. O-O f5 6. d4 Nf6 7. Nc3 O-O 8. Qc2 $146 ({RR} 8. Bf4 e6 9. Qb3 Na6 10. Rfd1 h6 11. h4 Qe7 12. Rac1 d6 13. Qa3 Ng4 14. Nb5 Rfd8 15. Ne1 c5 16. Bxd6 Qd7 17. dxc5 Bxg2 18. Kxg2 Nxc5 19. Bxc5 Qc6+ 20. Qf3 Qxc5 21. Nd3 Qe7 22. e4 Ne5 {Skatchkov,P (2516)-Rozanov,P (2280) St Petersburg 2004 1-0}) 8... e6 9. Rd1 Na6 10. d5 Qe7 11. Nd4 Nc5 12. b4 Nce4 13. Nxe4 Nxe4 14. Qb3 exd5 15. cxd5 Qf7 16. Bb2 Bxd5 17. Qc2 c6 18. a3 Rfe8 19. e3 h5 20. Rac1 c5 21. bxc5 bxc5 22. Bxe4 Bxe4 23. Qxc5 Rab8 24. Ba1 h4 25. Qxa7 Ra8 26. Qc5 Bf8 27. Qc7 Bxa3 28. Rc3 Bb4 29. Rc4 Ba5 30. Qd6 Kh7 31. Ne2 hxg3 32. Nxg3 Rad8 33. Ra4 Re6 34. Qf4 Bb6 35. Qh4+ 1-0

[Event "Titled Tuesday intern op 03rd Nov"]
[Site "Chess.com INT"]
[Date "2020.11.03"]
[Round "9"]
[White "Artemiev, Vladislav"]
[Black "Paravyan, David"]
[Result "1-0"]
[WhiteElo "2716"]
[BlackElo "2653"]
[PlyCount "71"]
[EventDate "2020.11.03"]
[EventType "swiss (blitz)"]
[EventRounds "11"]
[EventCountry "USA"]
[SourceTitle "CBM 199 Extra"]
[Source "ChessBase"]
[SourceDate "2021.01.31"]
[SourceVersion "1"]
[SourceVersionDate "2021.01.31"]
[SourceQuality "1"]

1. Nf3 Nf6 2. g3 d5 3. Bg2 c5 4. O-O g6 5. b3 Nc6 6. Bb2 Bg7 7. Ne5 Nxe5 ({RR} 7... h5 8. h3 Qd6 9. Nxc6 bxc6 10. d3 h4 11. e4 Nh5 12. Bxg7 Nxg7 13. g4 f5 14. gxf5 gxf5 15. exd5 Nh5 16. Bf3 Nf4 17. dxc6 Nxh3+ 18. Kh1 Be6 19. Nc3 Ng5 20. Rg1 Qf4 21. Rxg5 Qxg5 22. Qe2 {Braun,C (2393)-Vrolijk,L (2517) Netherlands NED 2025 0-1}) 8. Bxe5 O-O 9. e3 $146 ({RR} 9. c4 d4 10. e3 Ng4 11. Bxg7 Kxg7 12. exd4 Qxd4 13. Nc3 Rd8 14. Nd5 Ne5 15. h3 Nc6 16. Re1 e6 17. Re4 Qb2 18. Rb1 Qxa2 19. Ra1 Qb2 20. Rb1 Qa2 21. Ra1 Qb2 22. Rb1 {½-½ (22) Popovic,D (2494)-Vrolijk,L (2526) Deggendorf GER 2024}) 9... Bg4 10. Qc1 Qd7 11. Qb2 Bh3 12. d3 Rfd8 13. Nd2 d4 14. Nf3 Bxg2 15. Kxg2 Nh5 16. Bxg7 Nxg7 17. Rae1 f6 18. Nd2 e5 19. e4 Rf8 20. f4 Rae8 21. b4 cxb4 22. Qxb4 exf4 23. Rxf4 f5 24. Ref1 Rc8 25. Qb3+ Qe6 26. R4f2 Qxb3 27. Nxb3 fxe4 28. Rxf8+ Rxf8 29. Rxf8+ Kxf8 30. dxe4 Ne6 31. Kf3 Ke7 32. e5 Ng5+ 33. Kf4 Ne6+ 34. Ke4 Ng5+ 35. Kd5 Nf3 36. h4 1-0

[Event "Titled Tuesday intern op 03rd Nov"]
[Site "Chess.com INT"]
[Date "2020.11.03"]
[Round "11"]
[White "Artemiev, Vladislav"]
[Black "Alekseenko, Kirill"]
[Result "1-0"]
[WhiteElo "2716"]
[BlackElo "2696"]
[PlyCount "77"]
[EventDate "2020.11.03"]
[EventType "swiss (blitz)"]
[EventRounds "11"]
[EventCountry "USA"]
[SourceTitle "CBM 199 Extra"]
[Source "ChessBase"]
[SourceDate "2021.01.31"]
[SourceVersion "1"]
[SourceVersionDate "2021.01.31"]
[SourceQuality "1"]

1. Nf3 d5 2. e3 c5 3. b3 e6 4. Bb2 Nc6 5. Bb5 Nge7 6. O-O a6 7. Be2 Ng6 ({RR} 7... d4 8. Re1 Ng6 9. Bf1 Be7 10. c3 dxe3 11. dxe3 O-O 12. c4 b6 13. Nbd2 Bb7 14. a3 Bf6 15. Qc2 Bxb2 16. Qxb2 Qc7 17. b4 Rfd8 18. bxc5 bxc5 19. Nb3 Nce5 20. Nxe5 Nxe5 21. Rad1 Ng4 22. Rxd8+ {Shimanov,A (2593)-Eljanov,P (2666) chess.com INT 2025 0-1}) 8. d4 cxd4 9. Nxd4 Bd6 $146 ({RR} 9... Nxd4 10. Qxd4 e5 11. Qd1 Bc5 12. Nd2 O-O 13. Nf3 e4 14. Ne1 Be6 15. c4 dxc4 16. Bxc4 Bxc4 17. bxc4 Qe7 18. Nc2 Rad8 19. Nd4 Qg5 20. Kh1 Bxd4 21. Bxd4 Nh4 22. Rg1 Nf5 23. Rb1 Nxd4 24. exd4 {Epding,O (2208)-Londyn,R (2404) Germany 2019 0-1 (32)}) 10. c4 O-O 11. cxd5 exd5 12. Nc3 Bc7 13. Rc1 Qd6 14. g3 Bh3 15. Re1 Rad8 16. Nxc6 bxc6 17. Bxa6 f5 18. Ne2 Bg4 19. Qc2 Nh4 20. Nd4 Bb6 21. gxh4 Bxd4 22. Bxd4 c5 23. Qxc5 Qxa6 24. Qe7 Qg6 25. Rc6 Qf7 26. Qxf7+ Rxf7 27. f4 Rb7 28. Rec1 Ra8 29. Rc8+ Rxc8 30. Rxc8+ Kf7 31. Kf2 h6 32. Rc6 Bd1 33. Ke1 Bf3 34. Kd2 g6 35. Rf6+ Ke7 36. Rxg6 Rb8 37. Rxh6 Rg8 38. Rh7+ Kf8 39. Rh8 1-0

[Event "Razuvaev Memorial online"]
[Site "Chess.com INT"]
[Date "2020.11.06"]
[Round "1"]
[White "Nepomniachtchi, Ian"]
[Black "Motylev, Alexander"]
[Result "1-0"]
[WhiteElo "2784"]
[BlackElo "2641"]
[PlyCount "47"]
[EventDate "2020.11.06"]
[EventType "tourn (blitz)"]
[EventRounds "7"]
[EventCountry "USA"]
[EventCategory "18"]
[SourceTitle "CBM 199 Extra"]
[Source "ChessBase"]
[SourceDate "2021.01.31"]
[SourceVersion "1"]
[SourceVersionDate "2021.01.31"]
[SourceQuality "1"]

1. Nf3 d5 2. e3 Nf6 3. b3 Bf5 4. c4 e6 5. Bb2 h6 6. Nc3 Be7 7. d4 O-O 8. Bd3 Bxd3 9. Qxd3 c5 10. dxc5 Na6 $146 ({RR} 10... dxc4 11. Qxc4 Nc6 12. O-O Qa5 13. Na4 Rac8 14. Bc3 Qc7 15. b4 a6 16. a3 Rcd8 17. Rad1 Rd5 18. Nb6 Rfd8 19. Nxd5 exd5 20. Qe2 Ne4 21. Bb2 a5 22. Nd4 axb4 23. Nxc6 Qxc6 24. axb4 Qa4 25. Qg4 {Neiksans,A (2557)-Garcia Fuentes,S (2134) Chess.com INT 2020 1-0}) 11. cxd5 Nxc5 12. Qd1 Nxd5 13. Nxd5 exd5 14. O-O Rc8 15. Rc1 Ne4 16. Rxc8 Qxc8 17. Qxd5 Bf6 18. Rc1 Qe6 19. Qxe6 fxe6 20. Bxf6 gxf6 21. Nd4 e5 22. Nf5 Kf7 23. f3 Ng5 24. Rc7+ 1-0

[Event "Razuvaev Memorial online"]
[Site "Chess.com INT"]
[Date "2020.11.06"]
[Round "3"]
[White "Tomashevsky, Evgeny"]
[Black "Motylev, Alexander"]
[Result "1-0"]
[WhiteElo "2706"]
[BlackElo "2641"]
[PlyCount "77"]
[EventDate "2020.11.06"]
[EventType "tourn (blitz)"]
[EventRounds "7"]
[EventCountry "USA"]
[EventCategory "18"]
[SourceTitle "CBM 199 Extra"]
[Source "ChessBase"]
[SourceDate "2021.01.31"]
[SourceVersion "1"]
[SourceVersionDate "2021.01.31"]
[SourceQuality "1"]

1. Nf3 d5 2. b3 Bg4 3. e3 Nd7 4. Bb2 e5 5. h3 Bh5 6. g4 Bg6 7. Nxe5 Nxe5 8. Bxe5 Be4 $146 ({RR} 8... Nf6 9. d3 Bb4+ 10. Nd2 O-O 11. a3 Ba5 12. Bg2 Re8 13. Bb2 c5 14. O-O h5 15. Bxf6 Qxf6 16. gxh5 Bf5 17. Nf3 Bc3 18. Rb1 Qh6 19. Nh2 Rad8 20. Ng4 Qxh5 21. Nf6+ Bxf6 22. Qxh5 Bg6 23. Qf3 {Kotyk,M (1957)-Thomas,I (1620) Playchess.com INT 2020 1-0 (78)}) 9. Rg1 Qe7 10. d4 O-O-O 11. Nd2 f6 12. Bg3 Qb4 13. c3 Qb6 14. Nxe4 dxe4 15. Qc2 Ne7 16. Qxe4 Nd5 17. Bc4 Nxc3 18. Qe6+ Kb8 19. Qxb6 axb6 20. Bd3 Ba3 21. Kd2 Nd5 22. Ke2 b5 23. Kf3 Nc3 24. h4 h6 25. Rh1 b4 26. Bf4 g5 27. hxg5 hxg5 28. Bg3 Bb2 29. Rag1 Nxa2 30. Rh5 Rxh5 31. gxh5 Rh8 32. Rh1 Rh6 33. Kg4 Nc3 34. f4 gxf4 35. Bxf4 Rh8 36. Bc4 Ne4 37. Kf5 Nd6+ 38. Bxd6 cxd6 39. h6 1-0

[Event "Europe Echecs Blitz Nov op"]
[Site "Europe Echecs INT"]
[Date "2020.11.08"]
[Round "7"]
[White "Deac, Bogdan Daniel"]
[Black "Vakhidov, Jahongir"]
[Result "1-0"]
[WhiteElo "2625"]
[BlackElo "2533"]
[PlyCount "89"]
[EventDate "2020.11.08"]
[EventType "swiss (blitz)"]
[EventRounds "11"]
[EventCountry "FRA"]
[SourceTitle "CBM 199 Extra"]
[Source "ChessBase"]
[SourceDate "2021.01.31"]
[SourceVersion "1"]
[SourceVersionDate "2021.01.31"]
[SourceQuality "1"]

1. b3 g6 2. Bb2 Nf6 3. g3 Bg7 4. Bg2 d5 5. Nf3 c5 6. c4 d4 7. b4 Nc6 8. bxc5 Nd7 9. O-O Nxc5 10. d3 O-O 11. Ba3 Qa5 12. Bxc5 Qxc5 13. Nbd2 e5 $146 ({RR} 13... Rb8 14. Rb1 Bd7 15. Rb5 Qa3 16. Qb3 Qxb3 17. Rxb3 Rfc8 18. Rfb1 b6 19. Ne1 Na5 20. R3b2 Nb7 21. Nb3 Nc5 22. Nxc5 Rxc5 23. Nc2 Rbc8 24. Na1 Ra5 25. Nb3 Ra3 26. Rc2 Ba4 27. Kf1 e6 28. Rcb2 {Fressinet,L (2692)-Fier,A (2624) Drancy 2016 ½-½ (33)}) 14. Rb1 Qe7 15. Qc2 Kh8 16. Rb5 Rb8 17. c5 f5 18. Rfb1 Be6 19. Ng5 e4 20. Nxe6 Qxe6 21. dxe4 d3 22. Qxd3 Rbd8 23. Qe3 Qxa2 24. Nf3 fxe4 25. Ng5 Bd4 26. Qxe4 Rxf2 27. Kh1 Qxe2 28. Qxe2 Rxe2 29. Rxb7 Bg7 30. Nf7+ Kg8 31. Nxd8 Nxd8 32. Rb8 Bf6 33. c6 Rc2 34. Rd1 Kg7 35. Be4 Rc4 36. Rdxd8 Bxd8 37. Rxd8 Kf6 38. Bd5 Rc1+ 39. Kg2 Ke5 40. Rd7 a5 41. c7 a4 42. Bb7 a3 43. c8=Q Rxc8 44. Bxc8 a2 45. Ra7 1-0

[Event "Gaprindashvili Cup op 2nd"]
[Site "Tornelo INT"]
[Date "2020.11.10"]
[Round "9"]
[White "Pantsulaia, Levan"]
[Black "Paichadze, Luka"]
[Result "1-0"]
[WhiteElo "2553"]
[BlackElo "2565"]
[PlyCount "87"]
[EventDate "2020.11.08"]
[EventType "swiss (rapid)"]
[EventRounds "9"]
[EventCountry "GEO"]
[SourceTitle "CBM 199 Extra"]
[Source "ChessBase"]
[SourceDate "2021.01.31"]
[SourceVersion "1"]
[SourceVersionDate "2021.01.31"]
[SourceQuality "1"]

1. Nf3 Nf6 2. g3 b5 3. Bg2 Bb7 4. O-O g6 5. Na3 ({RR} 5. d3 Bg7 6. e4 d6 7. Nc3 b4 8. Ne2 O-O 9. h3 a5 10. g4 c5 11. Ng3 Nc6 12. Rb1 Nd7 13. Be3 a4 14. a3 bxa3 15. bxa3 Ba6 16. Qd2 c4 17. Rfd1 cxd3 18. cxd3 Nce5 19. Nxe5 Nxe5 {Gukesh,D (2725)-Carlsen,M (2859) chess.com INT 2022 0-1 (34)}) 5... b4 ({RR} 5... a6 6. c4 b4 7. Nc2 a5 8. b3 Bg7 9. a3 c5 10. Bb2 O-O 11. axb4 axb4 12. Rxa8 Bxa8 13. d4 d6 14. Qa1 Be4 15. Ne3 Nbd7 16. d5 Qa8 17. Bh3 Bxf3 18. exf3 Qb7 19. Qa4 Ra8 20. Qc6 {Kushko,D (2445)-Balaji,A (2346) chess.com INT 2024 0-1 (51)}) 6. Nc4 Bg7 $146 ({RR} 6... a5 7. Nce5 Qc8 8. d4 Bg7 9. a3 d6 10. Nc4 Nbd7 11. Bh3 O-O 12. Qe1 Be4 13. axb4 axb4 14. Rxa8 Qxa8 15. Qxb4 Bxc2 16. Qc3 Be4 17. Ncd2 Bc6 18. b3 Bb5 19. Re1 Nd5 20. Qc2 Nb4 {½-½ (20) Euwe,M-Gudmundsson,G Amsterdam 1950}) 7. Na5 Bxf3 8. Bxf3 c6 9. Nb3 O-O 10. a3 bxa3 11. Rxa3 d5 12. d3 Nbd7 13. Be3 Qc7 14. Qa1 c5 15. c4 d4 16. Bxa8 dxe3 17. Bf3 exf2+ 18. Rxf2 Qb6 19. Nd2 Ne5 20. h3 Nxf3+ 21. Nxf3 Nh5 22. Rxa7 Nxg3 23. Ra8 Bxb2 24. Rxf8+ Kxf8 25. Qb1 Qb4 26. e3 Bc3 27. Qxb4 cxb4 28. Ra2 Ke8 29. Kf2 Nf5 30. d4 Kd7 31. Ke2 f6 32. Kd3 g5 33. c5 h5 34. e4 Ng7 35. d5 g4 36. hxg4 hxg4 37. c6+ Kd6 38. Nd4 Ne8 39. Nb5+ Ke5 40. Ra8 Nd6 41. Nxd6 Kxd6 42. Rd8+ Kc7 43. Rd7+ Kb6 44. Rb7+ 1-0

[Event "Titled Tuesday intern op 17th Nov"]
[Site "Chess.com INT"]
[Date "2020.11.17"]
[Round "7"]
[White "Nakamura, Hikaru"]
[Black "Durarbayli, Vasif"]
[Result "1-0"]
[WhiteElo "2736"]
[BlackElo "2606"]
[PlyCount "107"]
[EventDate "2020.11.17"]
[EventType "swiss (blitz)"]
[EventRounds "11"]
[EventCountry "USA"]
[SourceTitle "CBM 199 Extra"]
[Source "ChessBase"]
[SourceDate "2021.01.31"]
[SourceVersion "1"]
[SourceVersionDate "2021.01.31"]
[SourceQuality "1"]

1. Nf3 c5 2. b3 d5 3. e3 a6 4. Bb2 Nc6 5. d4 cxd4 6. Nxd4 Nf6 7. Nxc6 bxc6 8. Nd2 ({RR} 8. c4 Bf5 9. Nc3 e6 10. Be2 Bd6 11. O-O h5 12. h3 Bc7 13. Ba3 Bb8 14. cxd5 exd5 15. Rc1 Qc7 16. f4 Ba7 17. Rf3 Be4 18. Nxe4 dxe4 19. Rg3 h4 20. Rxg7 Bxe3+ 21. Kh1 Rd8 22. Qe1 Bd2 {Nakamura,H (2736)-Durarbayli,V (2615) Chess.com INT 2022 1-0 (32)}) 8... g6 ({RR} 8... e6 9. Bd3 Be7 10. O-O O-O 11. c4 a5 12. Qc2 h6 13. Nf3 Ba6 14. e4 Qb6 15. Rfe1 Rfd8 16. Rac1 Rac8 17. c5 Qb7 18. Bxa6 Qxa6 19. Bxf6 Bxf6 20. e5 Be7 21. Nd4 Rd7 22. f4 Rb7 23. a3 {Nakamura,H (2792)-Caruana,F (2807) Saint Louis 2017 1-0 (91)}) ({RR} 8... Bf5 9. Nf3 e6 10. Bd3 Qa5+ 11. c3 Bxd3 12. Qxd3 Ba3 13. Bxa3 Qxa3 14. O-O O-O 15. c4 a5 16. Nd4 Rfc8 17. h3 g6 18. Qc2 a4 19. Rfc1 axb3 20. axb3 Qxa1 21. Rxa1 Rxa1+ 22. Kh2 Raa8 23. cxd5 {Balaji,A (2350)-Harsh,S (2414) chess.com INT 2025 1-0 (36)}) 9. Bd3 Bg7 10. c4 $146 ({RR} 10. h3 O-O 11. O-O c5 12. Nf3 Bb7 13. Qe2 Nd7 14. Bxg7 Kxg7 15. c4 e6 16. Rfd1 Qf6 17. cxd5 exd5 18. Rac1 Rfe8 19. Qc2 d4 20. e4 Re7 21. Ne1 Rae8 22. f3 Qf4 23. Bf1 Rc8 24. Qd2 Qd6 {Dugonjic,D (2114)-Trumic,E (2349) Tuzla 2009 1-0 (62)}) 10... O-O 11. Qc2 a5 12. O-O a4 13. b4 a3 14. Bd4 Qd6 15. c5 Qb8 16. Nf3 Qxb4 17. Rab1 Qa5 18. Ne5 Ng4 19. Nxg4 Bxg4 20. Bxg7 Kxg7 21. Rb6 Rfc8 22. Rfb1 Rc7 23. R1b4 Bc8 24. e4 Ba6 25. Bxa6 Rxa6 26. h4 Raa7 27. h5 dxe4 28. Rxe4 Rd7 29. Reb4 Rd5 30. hxg6 hxg6 31. Qc3+ f6 32. Rxc6 Rad7 33. Rc4 Qb5 34. Rb6 Rh5 35. g4 Rd1+ 36. Kg2 Qd7 37. gxh5 Qd5+ 38. Qf3 Rg1+ 39. Kxg1 Qxf3 40. Rb1 Qe2 41. Rbc1 Qxa2 42. c6 Qb2 43. c7 a2 44. c8=Q a1=Q 45. Rxa1 Qxa1+ 46. Rc1 Qe5 47. hxg6 Qg5+ 48. Kf1 Qb5+ 49. Qc4 Qe5 50. Qf7+ Kh6 51. Qh7+ Kg5 52. g7 Qb5+ 53. Kg1 Kf4 54. g8=Q 1-0

[Event "Titled Tuesday intern op 17th Nov"]
[Site "Chess.com INT"]
[Date "2020.11.17"]
[Round "9"]
[White "Chigaev, Maksim"]
[Black "Giri, Anish"]
[Result "1-0"]
[WhiteElo "2615"]
[BlackElo "2764"]
[PlyCount "67"]
[EventDate "2020.11.17"]
[EventType "swiss (blitz)"]
[EventRounds "11"]
[EventCountry "USA"]
[SourceTitle "CBM 199 Extra"]
[Source "ChessBase"]
[SourceDate "2021.01.31"]
[SourceVersion "1"]
[SourceVersionDate "2021.01.31"]
[SourceQuality "1"]

1. Nf3 d5 2. c4 d4 3. b4 c5 4. g3 cxb4 5. a3 b3 6. Bg2 Nc6 7. Qxb3 Nf6 8. O-O e5 9. d3 Be7 10. a4 O-O 11. Ba3 ({RR} 11. a5 Nxa5 12. Qa4 Nc6 13. Ba3 Bd7 14. Nbd2 a6 15. Rfb1 b5 16. Bxe7 Nxe7 17. cxb5 Bxb5 18. Qa3 Nc6 19. Nxe5 Nxe5 20. Bxa8 Bxd3 21. exd3 Qxa8 22. Re1 Nfg4 23. Qxa6 Qxa6 24. Rxa6 Nxd3 25. Re2 Rc8 {Schulz,K (2166)-Luba,L (2067) chess.com INT 2024 1-0 (48)}) 11... Re8 $146 ({RR} 11... Nd7 12. Bxe7 Qxe7 13. a5 Nc5 14. Qa3 Bg4 15. Nfd2 Rac8 16. Re1 f5 17. Nb3 Nxb3 18. Qxb3 e4 19. a6 bxa6 20. Na3 Na5 21. Qa4 Nb7 22. Nc2 Nc5 23. Qa3 Qd7 24. Nb4 a5 25. Qxa5 f4 26. dxe4 {Nosacheva,M (2150)-Semenova,E (2286) Ekaterinburg 2019 ½-½ (56)}) 12. Nbd2 Rb8 13. Ng5 Bg4 14. Rfe1 h6 15. Nge4 Nxe4 16. Nxe4 a5 17. Bxe7 Qxe7 18. Qb6 Rec8 19. Rab1 Kh8 20. c5 Bd7 21. Nd6 Rf8 22. Qc7 Be6 23. Qxe7 Nxe7 24. Bxb7 Bd7 25. Rec1 Bxa4 26. Nc4 Bc6 27. Nxa5 Bxb7 28. Nxb7 Nc6 29. Rb6 f6 30. Nd6 Ne7 31. Rcb1 Rxb6 32. cxb6 Rb8 33. b7 Kh7 34. Rc1 1-0

[Event "Titled Tuesday intern op 17th Nov"]
[Site "Chess.com INT"]
[Date "2020.11.17"]
[Round "10"]
[White "Bartel, Mateusz"]
[Black "Studer, Noel"]
[Result "1-0"]
[WhiteElo "2638"]
[BlackElo "2582"]
[PlyCount "109"]
[EventDate "2020.11.17"]
[EventType "swiss (blitz)"]
[EventRounds "11"]
[EventCountry "USA"]
[SourceTitle "CBM 199 Extra"]
[Source "ChessBase"]
[SourceDate "2021.01.31"]
[SourceVersion "1"]
[SourceVersionDate "2021.01.31"]
[SourceQuality "1"]

1. Nf3 d5 2. h3 Nf6 3. e3 c5 ({RR} 3... e6 4. c4 Bd6 5. b3 O-O 6. Bb2 c5 7. cxd5 exd5 8. d4 Nc6 9. Nbd2 cxd4 10. Nxd4 Nxd4 11. Bxd4 Qe7 12. Bd3 Be5 13. Nf3 Bxd4 14. Nxd4 Bd7 15. O-O Rac8 16. Qd2 Rc7 17. Rac1 Rfc8 18. Rxc7 {Nakamura,H (2788)-Bluebaum,M (2658) chess.com INT 2024 ½-½ (115)}) 4. b3 ({RR} 4. d4 e6 5. c4 Nc6 6. cxd5 exd5 7. Bb5 cxd4 8. Nxd4 Bd7 9. O-O Bd6 10. Nc3 O-O 11. Nf3 a6 12. Be2 Be6 13. b3 Rc8 14. Bb2 Bb8 15. Ba3 Re8 16. Rc1 Qa5 17. Bb2 Qc7 18. Na4 Ne4 {Rasulov,V (2505)-Manvelyan,M (2176) chess.com INT 2025 0-1 (67)}) 4... Nc6 5. Bb5 $146 ({RR} 5. Bb2 e6 6. Be2 Bd6 7. d4 cxd4 8. Nxd4 Nxd4 9. Bxd4 e5 10. Bb2 O-O 11. Nd2 Re8 12. O-O Qe7 13. c4 Be6 14. cxd5 Bxd5 15. Bc4 Bc6 16. Qe2 Rad8 17. Bb5 Bb4 18. Nf3 Bxb5 19. Qxb5 Rd5 {Pulpan,J (2406)-Arencibia,A (2122) chess.com INT 2023 ½-½ (97)}) 5... Qb6 6. c4 a6 7. Ba4 e6 8. O-O Be7 9. Ne5 O-O 10. Nxc6 bxc6 11. d3 e5 12. Nc3 Rd8 13. Qc2 Bf5 14. e4 Bg6 15. Bg5 dxe4 16. dxe4 Qc7 17. Rad1 Rd4 18. Be3 Rad8 19. f3 Nh5 20. Ne2 R4d7 21. Qc1 f6 22. Rxd7 Rxd7 23. Rd1 Qd8 24. Rxd7 Qxd7 25. g4 Nf4 26. Nxf4 exf4 27. Bxf4 Qd3 28. Kf2 Qd4+ 29. Qe3 Be8 30. Qxd4 cxd4 31. Bd2 Kf7 32. b4 Ke6 33. c5 Kd7 34. Bb3 a5 35. Ke2 axb4 36. Bxb4 Bd8 37. Kd3 h5 38. Kxd4 Bc7 39. Bd2 Be5+ 40. Kd3 Bg3 41. Be3 h4 42. a4 Kc7 43. a5 Bd7 44. Bd4 Bc8 45. Bc4 Kb8 46. Ke3 Ka7 47. f4 Ba6 48. Bxa6 Kxa6 49. e5 fxe5 50. Bxe5 g6 51. Ke4 Kxa5 52. f5 gxf5+ 53. gxf5 Bf2 54. Bd6 Be1 55. f6 1-0